000
00313nam a2200121Ia 4500
008
231129s1964||||xx |||||||||||||| ||spa||
082
_a
987 A668h
100
_a
Arcaya Pedro Manuel
245
0
_a
Historia de las reclamaciones contra Venezuela
260
_c
1964
264
_a
Pensamiento Vivo
942
_2
ddc
_c
BKS
999
_c
15195
_d
15195